000 00473nab a2200145Ia 4500
003 ES-SlBCS
005 20230421090931.0
008 140529s1996 xxu||||| |||| 00| 0 eng d
041 _aeng
100 1 _aBenítez, Eugenio
_9159186
245 0 0 _aRepublic 476d6-e2: Plato's Dialectical Requirement
_c Eugenio Benítez
600 0 0 _aPlatón
_d(428 o 7-348 o 7 a.C.)
_9126701
773 0 _tReview of Methaphysics
_gvol. 49/3, nº. 195, 1996, págs. 515-546
_wRev843
942 _cAR
999 _c531072
_d531072